Polscy znani sportowcy na zdjęciach. - Statystyki

Ogólne statystyki
  • Ten quiz został rozwiązany 619 razy
  • Średni wynik to 12 z 15
Statystyki odpowiedzi
Obrazkowy Odpowiedź % Poprawnych
Robert Lewandowski
100%
Kamil Stoch
95%
Adam Małysz
94%
Wojciech Szczęsny
94%
Mariusz Pudzianowski
93%
Marcin Gortat
88%
Agnieszka Radwańska
85%
Robert Kubica
84%
Andrzej Gołota
75%
Justyna Kowalczyk
72%
Sławomir Szmal
65%
Karol Bielecki
60%
Zbigniew Bródka
57%
Tomasz Gollob
54%
Paweł Zagumny
39%
Nie znaleziono quizów pasujących do podanych kryteriów
Rozkład punktacji
Procent ludzi z każdym wynikiem
Percentyl według liczby udzielonych odpowiedzi
Twoja historia wyników
Nie rozwiązałeś tego quizu